Foreign exchange clones : Eighth report (Record no. 59524)

MARC details
000 -LEADER
fixed length control field 00296nam a2200121Ia 4500
245 #0 - TITLE STATEMENT
Title Foreign exchange clones : Eighth report
260 ## - PUBLICATION, DISTRIBUTION, ETC. (IMPRINT)
Name of publisher Planters Bulletin
Year of publication 1975
300 ## - PHYSICAL DESCRIPTION
Number of Pages 99-119
650 ## - SUBJECT ADDED ENTRY--TOPICAL TERM
Topical Term Wind damage
650 ## - SUBJECT ADDED ENTRY--TOPICAL TERM
Topical Term Yield
942 ## - ADDED ENTRY ELEMENTS (KOHA)
Koha item type Journals
Holdings
Withdrawn status Lost status Damaged status Not for loan Home library Current library Shelving location Date acquired Serial Enumeration / chronology Koha item type
      Journals RRII Library RRII Library Botany 17/12/2021 Volume 140, Issue Journals